000 00398nam a2200145Ia 4500
008 201002s9999 xx 000 0 und d
020 _a978-981-315-012-2
100 _aMiller, Stephen A.
245 _cStephen A. Miller, John P. Harley
_aZoology/
250 _a10th ed.
260 _aNew York:
_bMcGraw Hill
_c2016
300 _axviii, 619 pages
_c25 cm.
650 _aAnimals
650 _aZoology
999 _c364565
_d364565